00361nam a2200133Ia 450000500170000000800410001702000150005808200130007310000190008624500590010526000240016430000120018850000270020020250626022153.0240331s9999 xx 000 0 und d a9559261096 bKANa340 aAriyarathne,R  0aKanthawan sathu neethimaya ayitheen pilibanda athpotha aColombobWERCc1998 a97 p ., aLegal Rights For Women